Premiers of Price Edward Island - Statistics

General Stats
  • This quiz has been taken 4 times
  • The average score is 20 of 38
Answer Stats
Years Served Party Premier % Correct
2019 - 2025 Progressive Conservative Dennis King
100%
2025 Progressive Conservative Rob Lantz
100%
2026 - Present Progressive Conservative Rob Lantz
100%
1966 - 1978 Liberal Alexander B. Campbell
67%
1917 - 1919 Conservative Aubin-Edmond Arsenault
67%
2025 - 2026 Progressive Conservative Bloyce Thompson
67%
1993 - 1996 Liberal Catherine Callbeck
67%
1979 - 1981 Progressive Conservative J. Angus MacLean
67%
1981 - 1986 Progressive Conservative Jim Lee
67%
1986 - 1993 Liberal Joe Ghiz
67%
1943 - 1953 Liberal J. Walter Jones
67%
1996 - 2007 Progressive Conservative Pat Binns
67%
2007 - 2015 Liberal Robert Ghiz
67%
1936 - 1943 Liberal Thane A. Campbell
67%
2015 - 2019 Liberal Wade H. MacLauchlan
67%
1959 - 1966 Progressive Conservative Walter R. Shaw
67%
1978 - 1979 Liberal W. Bennett Campbell
67%
1879 - 1889 Conservative William Wilfred Sullivan
67%
1927 - 1930 Liberal Albert C. Saunders
33%
1897 - 1898 Liberal Alexander B. Warburton
33%
1953 - 1959 Liberal Alexander W. Matheson
33%
1901 - 1908 Liberal Arthur Peters
33%
1898 - 1901 Liberal Donald Farquharson
33%
1908 - 1911 Liberal Francis Haszard
33%
1891 - 1897 Liberal Frederick Peters
33%
1911 Liberal H. James Palmer
33%
1923 - 1927 Conservative James D. Stewart
33%
1931 - 1933 Conservative James D. Stewart
33%
1873 Conservative J. C. Pope
33%
1911 - 1917 Conservative John A. Mathieson
33%
1919 - 1923 Liberal John Howatt Bell
33%
1996 Liberal Keith Milligan
33%
1873 - 1876 Conservative L. C. Owen
33%
1876 - 1879 Liberal Louis Henry Davies
33%
1889 - 1891 Conservative Neil McLeod
33%
1930 - 1931 Liberal Walter M. Lea
33%
1935 - 1936 Liberal Walter M. Lea
33%
1933 - 1935 Conservative William J. P. MacMillan
33%
No matching quizzes found
Score Distribution
Percent of People with Each Score
Percentile by Number Answered
Your Score History
You have not taken this quiz